000 00525nam a2200181Ia 4500
008 100920s9999 xx 000 0 und d
082 _b74743
_a891.461 थ 99
100 _aशेख मलिका अमर.
245 _aदेहऋतु.
260 _bआंबेडकर प्रबोधिनी,मुंबई.
_c1999
300 _a72
_bसाधी
365 _b60
520 _aपदय.
630 _aदेहऋतु.
650 _aपदय.
730 _aदेहऋतु.
942 _cBOOK
999 _c716316
_d716313